Argentina Footballers 100 or International Caps - Sudden Death - Statistics

General Stats
  • This quiz has been taken 181 times
  • The average score is 2 of 8
Answers on the Grid
Answers color-coded by a green-red scale on the quiz's grid according to % correct below.
Américo Gallego
Ángel Di María
Ariel Ortega
Carlos Tevez
Diego Maradona
Diego Simeone
Esteban Cambiasso
Éver Banega
Fernando Gago
Gabriel Batistuta
Gabriel Heinze
Gonzalo Higuaín
Hernán Crespo
Javier Mascherano
Javier Zanetti
Juan Pablo Sorín
Juan Román Riquelme
Juan Sebastián Verón
Lautaro Martínez
Leandro Paredes
Lionel Messi
Mario Kempes
Nicolás Otamendi
Nicolás Tagliafico
Oscar Ruggeri
Pablo Aimar
Pablo Zabaleta
Roberto Ayala
Rodrigo De Paul
Sergio Agüero
Sergio Romero
Walter Samuel
 
Answer Stats
Answer % Correct
Ángel Di María
75%
Lionel Messi
60%
Javier Zanetti
36%
Javier Mascherano
26%
Nicolás Otamendi
11%
Sergio Agüero
10%
Diego Simeone
7%
Roberto Ayala
2%
No matching quizzes found
Score Distribution
Percent of People with Each Score
Percentile by Number Answered
Your Score History
You have not taken this quiz